La escena romana: una breve historia del drama latino en los tiempos de la República
Gorde:
| Egile nagusia: | |
|---|---|
| Formatua: | Liburua |
| Hizkuntza: | gaztelania |
| Argitaratua: |
Buenos Aires
EUDEBA
1964
|
| Saila: | Temas de Eudeba. Teatro
|
| Gaiak: | |
| Etiketak: |
Etiketa erantsi
Etiketarik gabe, Izan zaitez lehena erregistro honi etiketa jartzen!
|
MARC
| LEADER | 00000nam a2200000 a 4500 | ||
|---|---|---|---|
| 001 | UCQ4710 | ||
| 003 | CL-VaPUC | ||
| 008 | 980910e19640000AG |||||||||||||||||spa|d | ||
| 082 | 0 | 4 | |a 872.09 |b BEA |2 21 |
| 100 | 0 | |a Beare, W |e author |9 418934 | |
| 245 | 1 | 3 | |a La escena romana: una breve historia del drama latino en los tiempos de la República |
| 300 | |a 365 p | ||
| 942 | |c BK | ||
| 945 | |d 19980910 00:00:00 |a lriquelm | ||
| 260 | |a Buenos Aires |b EUDEBA |c 1964 | ||
| 650 | 7 | |a TEATRO LATINO |2 CL-VaPUC |9 265080 | |
| 650 | 0 | |a Historia y crítica |9 257407 | |
| 650 | 7 | |a DRAMA LATINO |2 CL-VaPUC |9 375291 | |
| 650 | 0 | |a Historia y crítica |9 257407 | |
| 650 | 7 | |a TRAGEDIA LATINA |2 CL-VaPUC |9 418935 | |
| 650 | 0 | |a Historia y crítica |9 257407 | |
| 583 | |a last modification |c 19980910 00:00:00 |k Rodrigo Vera | ||
| 490 | 0 | |a Temas de Eudeba. Teatro | |
| 999 | |c 275016 |d 275014 | ||
| 952 | |0 0 |1 0 |4 0 |6 872_090000000000000_BEA_1964 |7 0 |8 A |9 311519 |a BIBEDU |b BIBEDU |d 2019-11-20 |i 2644711 |o 872.09 BEA 1964 |p 2644711 |r 2019-11-20 |w 2019-11-20 |y BK |k LIT | ||
| 952 | |0 0 |1 0 |4 0 |6 872_090000000000000_BEA_1964 |7 0 |8 A |9 311520 |a BIBEDU |b BIBEDU |d 2019-11-20 |i 1337424 |o 872.09 BEA 1964 |p 1337424 |r 2019-11-20 |w 2019-11-20 |y BK |k LIT | ||
| 952 | |0 0 |1 0 |4 0 |6 872_090000000000000_BEA_1964 |7 0 |8 A |9 311521 |a BIBHIS |b BIBHIS |d 2019-11-20 |i 1362054 |o 872.09 BEA 1964 |p 1362054 |r 2025-01-20 |w 2019-11-20 |y BK |k HIS | ||
| 952 | |0 0 |1 0 |4 0 |6 872_090000000000000_BEA_1964 |7 0 |8 P |9 311522 |a BIBARQ |b BIBARQ |d 2019-11-20 |i 264472K |o 872.09 BEA 1964 |p 264472K |r 2025-01-20 |w 2019-11-20 |y BK |k ARQ | ||
| 952 | |0 0 |1 0 |4 0 |6 872_090000000000000_BEA_1964 |7 0 |8 A |9 311523 |a BIBART |b BIBART |d 2019-11-20 |i 4219201 |o 872.09 BEA 1964 |p 4219201 |r 2025-03-13 |w 2019-11-20 |y BK |k ART | ||